Nenne eine Großstadt, die ... #1 - Statistiken

Allgemein
  • Dieses Quiz wurde 363 mal gespielt
  • Das Durchschnittsergebnis liegt bei 7 aus 10
Antwortstatistiken
Nenne eine Großstadt, ... Großstadt % Korrekt
die mit K beginnt. Kaiserslautern | Karlsruhe | Kassel | Kiel | Koblenz | Köln | Krefeld
98%
die zu den Top 20 flächengrößten Orten in Deutschland zählt. Berlin | Bremen | Dresden | Hamburg | Köln | München
97%
die in den neuen Bundesländern liegt, aber nicht Landeshauptstadt ist. Chemnitz | Cottbus | Halle | Jena | Leipzig | Rostock
90%
die von allen Großstädten am weitesten in einer Himmelsrichtung liegt. Aachen | Cottbus | Freiburg | Kiel
89%
die zwischen 300.000 und 350.000 Einwohner zählt. Augsburg | Bielefeld | Bonn | Karlsruhe | Mannheim | Münster
80%
die durchschnittlich pro Quadratkilometer unter 1.000 Einwohner beherbergt Cottbus | Erfurt | Gütersloh | Hamm | Jena | Kaiserslautern | Paderborn | Potsdam | Salzgitter | Siegen | Trier | Wolfsburg
59%
die einem Landkreis (bzw. Kreis) angehört. Bergisch Gladbach | Göttingen | Gütersloh | Hanau | Hildesheim | Moers | Neuss | Paderborn | Recklinghausen | Reutlingen | Siegen
54%
die nicht mehr Großstadt ist. Dessau-Roßlau | Flensburg | Gera | Görlitz | Plauen | Schwerin | Wilhelmshaven | Witten | Zwickau
50%
die nach 1980 erstmals Großstadt wurde. Gütersloh | Hanau | Ingolstadt | Reutlingen
42%
die einem Kommunalverband besonderer Art angehört. Aachen | Hannover | Saarbrücken
38%
Keine übereinstimmenden Quizze gefunden
Verteilung der Resultate
Anzahl Personen mit jedem Resultat
Perzentil nach korrekt beantworteten Fragen
Ihre Resultats-Entwicklung
Sie haben dieses Quiz noch nicht gespielt